000 01040cam a22003257a 4500
003 CHAP
005 20220817041011.0
008 971013s r 00010 d
010 _a4264
011 _a5236
035 _a4443
040 _cCHAP
090 _aR-3262
100 0 0 _aCiesla, William M.
_923263
245 0 _aDesierto de Los Leones
_b: a forest in crisis
500 _aSobretito de: American Forests 1987 pp. 1-5
590 _aBATCH-UPD
_b10
_c20130110
_lUCH01
_h1617
590 _aBATCH-UPD
_b10
_c20130410
_lUCH01
_h1012
590 _aBATCH-UPD
_b10
_c20130914
_lUCH01
_h0706
590 _aCONVERSION
_b10
_c20130109
_lUCH01
_h1303
650 1 4 _aBosques
_xPreservación.
650 1 4 _aDesierto de Los Leones, Méx.
_932140
700 0 _aMacías Sámano, Jorge E.
_969530
901 _aBK
942 _cFOLL
949 _aR-3262
_bBC
_cR
_d-13987
_eTS1
_i4443
_si
949 _aR-3262
_bBC
_cR
_d-80978
_eTS2
_fc.2
_i4443
_si
949 _aR-3262
_bBC
_cR
_d-80979
_eTS2
_fc.3
_i4443
_si
949 _aR-3262
_bBC
_cR
_d-80980
_eTS2
_fc.4
_i4443
_si
999 _c4264
_d4264